000 00508nam a2200193Ia 4500
008 101110s9999 xx 000 0 und d
041 _aMARATHI
082 _bSR12473
_a954
100 _aKurundkar Narhar
245 _aChatrapati Shivaji Maharaj : Jeevanrahasya
365 _b4
520 _aHistory
546 _aMARATHI
630 _aChatrapati Shivaji Maharaj : Jeevanrahasya
650 _aHistory
655 _aHistory
730 _aChatrapati Shivaji Maharaj : Jeevanrahasya
942 _cBOOK
999 _c806928
_d806925